000 00623nam a2200205 i 4500
001 141710
003 ES-MaACL
005 20230906200342.0
007 t|
008 070927s1984 fr ||||1| fre d
020 _a2-7073-0685-1
100 1 _aVuillemin, Jules.
_9115774
245 1 0 _aNécessité ou contingence
_b: l'aporie de Diodore et les systèmes philosophiques /
_cJules Vuillemin.
260 _aParis :
_bLes Editions de Minuit,
_c[1984]
300 _a447 p. ;
_c22 cm.
490 1 _aLessens commun
830 0 _aLessens commun
_9220434
852 _aES-MaACL
_jL-11029
_bR.112783
999 _c141710
_d141710